[Event "SLO-chT2 West"]
[Site "Komenda"]
[Date "2022.11.26"]
[Round "5.4"]
[White "Borisek, Anze"]
[Black "Mlacnik, Franc"]
[Result "1/2-1/2"]
[WhiteElo "1913"]
[BlackElo "1991"]
[PlyCount "68"]
[EventDate "2022.11.19"]
[EventType "team-tourn"]
[EventRounds "7"]
[EventCountry "SLO"]
[SourceTitle "EXT 2024"]
[Source "ChessBase"]
[SourceDate "2023.10.10"]
[SourceVersion "1"]
[SourceVersionDate "2023.10.10"]
[SourceQuality "1"]
[WhiteTeam "Trzin"]
[BlackTeam "Kranj Tomo Zupan II"]
[WhiteTeamCountry "SLO"]
[BlackTeamCountry "SLO"]

1. f4 d5 2. Nf3 Nf6 3. b3 c5 4. e3 Nc6 5. Bb5 Bd7 6. Bb2 e6 7. 0-0 Bd6 8. Bxc6 Bxc6 9. Ne5 Qc7 10. d3 0-0-0 11. Qf3 Be8 12. Nd2 Rg8 13. c4 Nd7 14. cxd5 Nxe5 15. fxe5 Bxe5 16. Bxe5 Qxe5 17. dxe6 fxe6 18. d4 cxd4 19. Rac1+ Kb8 20. Nc4 Qg5 21. exd4 Rxd4 22. Qf2 Bc6 23. Na5 Be4 24. h4 Qd8 25. Qf4+ Ka8 26. Qc7 Rd2 27. Qxd8+ Rgxd8 28. Rf2 Rxf2 29. Kxf2 Kb8 30. Ke3 Bd5 31. Nc4 Rc8 32. Kd4 Bxc4 33. bxc4 Kc7 34. Rf1 Rd8+ 1/2-1/2

[Event "SLO-chT2 West"]
[Site "Komenda"]
[Date "2022.11.20"]
[Round "3.4"]
[White "Borisek, Anze"]
[Black "Ribicic, Marko"]
[Result "1/2-1/2"]
[WhiteElo "1913"]
[BlackElo "1805"]
[PlyCount "68"]
[EventDate "2022.11.19"]
[EventType "team-tourn"]
[EventRounds "7"]
[EventCountry "SLO"]
[SourceTitle "EXT 2024"]
[Source "ChessBase"]
[SourceDate "2023.10.10"]
[SourceVersion "1"]
[SourceVersionDate "2023.10.10"]
[SourceQuality "1"]
[WhiteTeam "Trzin"]
[BlackTeam "Piran"]
[WhiteTeamCountry "SLO"]
[BlackTeamCountry "SLO"]

1. f4 Nf6 2. Nf3 e6 3. b3 d5 4. e3 Nbd7 5. Bb2 c6 6. Be2 b6 7. 0-0 Be7 8. Ne5 Bb7 9. d3 Qc7 10. Nd2 Bc5 11. d4 Be7 12. c4 c5 13. Rc1 0-0 14. Bf3 dxc4 15. Ndxc4 b5 16. Nxd7 Nxd7 17. Ne5 Rad8 18. Qc2 Nxe5 19. fxe5 Bxf3 20. Rxf3 Rc8 21. Qe4 Qd7 22. Rd1 cxd4 23. Bxd4 Bc5 24. h4 Bxd4 25. Rxd4 Rc1+ 26. Kh2 Qc7 27. Qf4 Rc5 28. Rd6 Qe7 29. Qd4 Qc7 30. Rd7 Qxe5+ 31. Qxe5 Rxe5 32. Rxa7 f5 33. a4 bxa4 34. bxa4 Rf7 1/2-1/2

[Event "SLO-chT2 West"]
[Site "Komenda"]
[Date "2022.11.20"]
[Round "4.3"]
[White "Borisek, Anze"]
[Black "Sirk, Matija"]
[Result "1-0"]
[WhiteElo "1913"]
[BlackElo "1499"]
[PlyCount "87"]
[EventDate "2022.11.19"]
[EventType "team-tourn"]
[EventRounds "7"]
[EventCountry "SLO"]
[SourceTitle "EXT 2024"]
[Source "ChessBase"]
[SourceDate "2023.10.10"]
[SourceVersion "1"]
[SourceVersionDate "2023.10.10"]
[SourceQuality "1"]
[WhiteTeam "Trzin"]
[BlackTeam "Vrhnika II"]
[WhiteTeamCountry "SLO"]
[BlackTeamCountry "SLO"]

1. f4 Nf6 2. Nf3 c5 3. b3 d5 4. Bb2 Nc6 5. e3 Bg4 6. Bb5 e6 7. 0-0 Be7 8. Qe1 0-0 9. Bxc6 bxc6 10. Ne5 Qc7 11. d3 Bf5 12. Nd2 Nd7 13. e4 Bg6 14. g4 f6 15. Nxg6 hxg6 16. exd5 e5 17. dxc6 Qxc6 18. fxe5 fxe5 19. Qe4 Qe6 20. Qc4 Qxc4 21. Nxc4 Bf6 22. Rae1 Rae8 23. Re4 Re7 24. Rfe1 Bh4 25. Rf1 Rxf1+ 26. Kxf1 Rf7+ 27. Kg1 Bf2+ 28. Kg2 Bd4 29. Bxd4 exd4 30. Re8+ Kh7 31. Ne5 Nxe5 32. Rxe5 Rc7 33. g5 Kg8 34. Kf3 Kf7 35. Ke4 a5 36. a4 Rc8 37. Kd5 Rd8+ 38. Kxc5 Rc8+ 39. Kxd4 Rxc2 40. Rxa5 Rxh2 41. Re5 Rh4+ 42. Kc5 Rh3 43. Kc4 Rh4+ 44. d4 1-0

[Event "EU-ch 22nd"]
[Site "Terme Catez"]
[Date "2022.04.04"]
[Round "9"]
[White "Borisek, Anze"]
[Black "Novosel, Lovro"]
[Result "0-1"]
[WhiteElo "1905"]
[BlackElo "2099"]
[PlyCount "64"]
[EventDate "2022.03.27"]
[EventType "swiss"]
[EventRounds "11"]
[EventCountry "SLO"]
[SourceTitle "CBM 208"]
[Source "ChessBase"]
[SourceDate "2022.06.30"]
[SourceVersion "1"]
[SourceVersionDate "2022.06.30"]
[SourceQuality "1"]

1. b3 e5 2. Bb2 Nc6 3. e3 d5 4. Bb5 Bd6 5. f4 f6 6. fxe5 fxe5 7. Nf3 Qe7 8. 0-0 Nf6 9. Qe1 0-0 10. Qh4 Bd7 11. Bxc6 bxc6 12. Nc3 e4 13. Nd4 Qe5 14. g3 c5 15. Nde2 Qe7 16. Nf4 c6 17. Nh5 Nxh5 18. Qxh5 g6 19. Qh6 Rf3 20. Ne2 Raf8 21. Nf4 Be5 22. Bxe5 Qxe5 23. Rxf3 exf3 24. Rf1 Qe4 25. Nd3 Bc8 26. Qh4 Ba6 27. Qh3 d4 28. exd4 cxd4 29. Qd7 Bxd3 30. cxd3 f2+ 31. Rxf2 Qe1+ 32. Kg2 Qxf2+ 0-1

[Event "EU-ch 22nd"]
[Site "Terme Catez"]
[Date "2022.04.02"]
[Round "7"]
[White "Borisek, Anze"]
[Black "Yakimenko, Alexander A"]
[Result "1/2-1/2"]
[WhiteElo "1905"]
[BlackElo "2064"]
[PlyCount "69"]
[EventDate "2022.03.27"]
[EventType "swiss"]
[EventRounds "11"]
[EventCountry "SLO"]
[SourceTitle "CBM 208"]
[Source "ChessBase"]
[SourceDate "2022.06.30"]
[SourceVersion "1"]
[SourceVersionDate "2022.06.30"]
[SourceQuality "1"]

1. f4 d5 2. Nf3 c6 3. b3 Bg4 4. e3 Nd7 5. Bb2 Qc7 6. d4 e6 7. Nbd2 Bb4 8. a3 Bxf3 9. Qxf3 Bxd2+ 10. Kxd2 Ngf6 11. Bd3 c5 12. dxc5 Nxc5 13. Bxf6 gxf6 14. b4 Ne4+ 15. Bxe4 dxe4 16. Qxe4 Rg8 17. f5 0-0-0+ 18. Kc1 Qc3 19. Ra2 e5 20. Rd1 Rxd1+ 21. Kxd1 Rd8+ 22. Ke2 Kb8 23. h3 h5 24. h4 Qd2+ 25. Kf1 Qd1+ 26. Kf2 Rd2+ 27. Kg3 Qe1+ 28. Kh2 Re2 29. Ra1 Qxa1 30. Qd3 Rxc2 31. Qxc2 Qxa3 32. Qc5 a6 33. Qd6+ Ka7 34. Qc5+ Ka8 35. Qf8+ 1/2-1/2

[Event "Marianske Lazne op 20th"]
[Site "Marianske Lazne"]
[Date "2022.01.20"]
[Round "7"]
[White "Borisek, Anze"]
[Black "Kastner, Jan"]
[Result "1-0"]
[WhiteElo "1895"]
[BlackElo "2001"]
[PlyCount "71"]
[EventDate "2022.01.15"]
[EventType "swiss"]
[EventRounds "9"]
[EventCountry "CZE"]
[SourceTitle "CBM 206 Extra"]
[Source "ChessBase"]
[SourceDate "2022.03.31"]
[SourceVersion "1"]
[SourceVersionDate "2022.03.31"]
[SourceQuality "1"]

1. f4 d5 2. Nf3 Nf6 3. b3 g6 4. Bb2 Bg7 5. e3 c5 6. Bb5+ Bd7 7. Bxd7+ Nbxd7 8. 0-0 e6 9. Qe1 0-0 10. d3 b5 11. Nbd2 Qb6 12. c4 a5 13. Ne5 Nxe5 14. Bxe5 Rfd8 15. Qh4 Ne8 16. Rad1 a4 17. Rf3 axb3 18. axb3 dxc4 19. Rh3 h5 20. g4 f6 21. gxh5 Rxd3 22. h6 Bh8 23. Rg3 Rad8 24. h7+ Kf7 25. Qh6 Rxd2 26. Qxg6+ Ke7 27. Rxd2 Rxd2 28. Qg8 fxe5 29. Qxh8 Qd8 30. Rg7+ Kd6 31. Qf8+ Kc6 32. h8Q Rd1+ 33. Kg2 Qd2+ 34. Kh3 Nxg7 35. Qa8+ Kd6 36. Qhd8# 1-0

[Event "Marianske Lazne op 20th"]
[Site "Marianske Lazne"]
[Date "2022.01.18"]
[Round "4"]
[White "Borisek, Anze"]
[Black "Nytra, Ondrej"]
[Result "0-1"]
[WhiteElo "1895"]
[BlackElo "2146"]
[PlyCount "50"]
[EventDate "2022.01.15"]
[EventType "swiss"]
[EventRounds "9"]
[EventCountry "CZE"]
[SourceTitle "CBM 206 Extra"]
[Source "ChessBase"]
[SourceDate "2022.03.31"]
[SourceVersion "1"]
[SourceVersionDate "2022.03.31"]
[SourceQuality "1"]

1. f4 g6 2. c3 Bg7 3. d4 d5 4. Nf3 c6 5. e3 Nf6 6. Bd3 0-0 7. Qc2 b6 8. 0-0 Ba6 9. Ne5 Qc8 10. Nd2 Bxd3 11. Qxd3 a5 12. e4 Na6 13. exd5 Nxd5 14. Ne4 e6 15. Qh3 c5 16. b3 f6 17. Nf3 f5 18. Neg5 h6 19. c4 hxg5 20. fxg5 Nc3 21. Ne5 Bxe5 22. dxe5 Ne4 23. Qh6 Qe8 24. g4 Ra7 25. gxf5 exf5 0-1

[Event "SLO-chT 31st"]
[Site "Ljubljana"]
[Date "2021.09.11"]
[Round "2.1"]
[White "Marinsek, Tomaz"]
[Black "Borisek, Anze"]
[Result "1-0"]
[WhiteElo "2108"]
[BlackElo "1915"]
[PlyCount "145"]
[EventDate "2021.09.10"]
[EventType "team-tourn"]
[EventRounds "9"]
[EventCountry "SLO"]
[SourceTitle "CBM 204 Extra"]
[Source "ChessBase"]
[SourceDate "2021.11.30"]
[SourceVersion "1"]
[SourceVersionDate "2021.11.30"]
[SourceQuality "1"]
[WhiteTeam "Trebnje BMP"]
[BlackTeam "Trzin"]
[WhiteTeamCountry "SLO"]
[BlackTeamCountry "SLO"]

1. e4 Nc6 2. Nf3 d6 3. d4 e5 4. Bb5 exd4 5. Nxd4 Bd7 6. Nc3 Nf6 7. 0-0 Nxd4 8. Bxd7+ Qxd7 9. Qxd4 Be7 10. Rd1 0-0 11. e5 Ne8 12. Bf4 Qe6 13. Nd5 dxe5 14. Bxe5 Bd6 15. Bxd6 Qxd6 16. Qe4 Qc5 17. b4 Nd6 18. Ne7+ Kh8 19. Qxh7+ Kxh7 20. bxc5 Nc8 21. Nd5 c6 22. Nc7 Rb8 23. Rd7 b6 24. Rb1 Kg8 25. Na6 Ra8 26. a4 f5 27. Nc7 Rb8 28. Ne6 Re8 29. Rxg7+ Kh8 30. Rg6 Ne7 31. Rh6+ Kg8 32. Rb3 f4 33. Nxf4 Nf5 34. Re6 Rxe6 35. Nxe6 Re8 36. g4 Rxe6 37. gxf5 Re1+ 38. Kg2 bxc5 39. Rb7 Rc1 40. Rxa7 Rxc2 41. Rc7 Ra2 42. Rxc6 Rxa4 43. Rxc5 Kf7 44. Kg3 Kf6 45. f3 Rb4 46. h4 Ra4 47. Rc8 Kxf5 48. Rf8+ Kg6 49. Rg8+ Kf5 50. Rg5+ Kf6 51. Rg4 Ra5 52. Rc4 Kg6 53. Kg4 Ra6 54. Re4 Rb6 55. Ra4 Rc6 56. f4 Rc7 57. Ra6+ Kg7 58. Kg5 Rb7 59. h5 Rb5+ 60. f5 Rb1 61. Ra7+ Kg8 62. Kg6 Rg1+ 63. Kf6 Rh1 64. Re7 Kf8 65. Rd7 Kg8 66. Rd8+ Kh7 67. Kf7 Rxh5 68. f6 Rh1 69. Rd2 Rh3 70. Kf8 Rf3 71. f7 Re3 72. Rh2+ Kg6 73. Kg8 1-0

[Event "SLO-chT Central 21st"]
[Site "Slovenia"]
[Date "2020.09.17"]
[Round "1.3"]
[White "Borisek, Anze"]
[Black "Banko, Franci"]
[Result "1-0"]
[WhiteElo "1929"]
[BlackElo "1448"]
[PlyCount "73"]
[EventDate "2020.09.17"]
[EventType "team-swiss"]
[EventRounds "5"]
[EventCountry "SLO"]
[SourceTitle "EXT 2024"]
[Source "ChessBase"]
[SourceDate "2023.10.10"]
[SourceVersion "1"]
[SourceVersionDate "2023.10.10"]
[SourceQuality "1"]
[WhiteTeam "Trzin Buscotrade"]
[BlackTeam "Trzin Pekos Pub"]
[WhiteTeamCountry "SLO"]
[BlackTeamCountry "SLO"]

1. f4 d5 2. Nf3 c5 3. e3 Nc6 4. b3 Nf6 5. Bb2 Bg4 6. Be2 e6 7. 0-0 Qc7 8. Ne5 Bxe2 9. Qxe2 Nxe5 10. Bxe5 Bd6 11. Qb5+ Ke7 12. Nc3 a6 13. Bxd6+ Kxd6 14. Qd3 Rae8 15. e4 Ke7 16. exd5 Rd8 17. Rae1 Qb6 18. Qc4 Rhe8 19. dxe6 fxe6 20. f5 Kf7 21. fxe6+ Rxe6 22. Nd5 Qc6 23. Nf4 Rdd6 24. Rxe6 Rxe6 25. Re1 b5 26. Qxe6+ Qxe6 27. Rxe6 g5 28. Rxf6+ Kxf6 29. Nd5+ Ke5 30. Nc7 c4 31. Nxa6 cxb3 32. axb3 Kd4 33. Nc7 Kc5 34. Nxb5 Kxb5 35. d4 h6 36. c4+ Kc6 37. b4 1-0

[Event "SLO-chT2 West"]
[Site "Komenda"]
[Date "2018.11.24"]
[Round "6.2"]
[White "Borisek, Anze"]
[Black "Biti, Ozren"]
[Result "0-1"]
[WhiteElo "1916"]
[BlackElo "2368"]
[PlyCount "72"]
[EventDate "2018.11.10"]
[EventType "team-tourn"]
[EventRounds "7"]
[EventCountry "SLO"]
[SourceTitle "EXT 2020"]
[Source "ChessBase"]
[SourceDate "2019.10.17"]
[SourceVersion "1"]
[SourceVersionDate "2019.10.17"]
[SourceQuality "1"]
[WhiteTeam "Trzin"]
[BlackTeam "Posocje"]
[WhiteTeamCountry "SLO"]
[BlackTeamCountry "SLO"]

1. f4 g6 2. Nf3 Bg7 3. g3 d6 4. Bg2 Nf6 5. d3 0-0 6. 0-0 e5 7. fxe5 dxe5 8. e4 Nbd7 9. a4 Re8 10. Bd2 c6 11. Na3 b5 12. Qe1 Bf8 13. Kh1 a6 14. Bg5 h6 15. Be3 Bb7 16. Bh3 Qe7 17. Qf2 Bg7 18. g4 Nh7 19. g5 h5 20. Nb1 Nhf8 21. Nbd2 Ne6 22. Rg1 Nec5 23. a5 Ne6 24. Nb3 Ndf8 25. Nc5 Bc8 26. c3 Qc7 27. Bf1 Nxc5 28. Bxc5 Ne6 29. Be3 c5 30. h4 Bb7 31. b3 c4 32. dxc4 bxc4 33. Bxc4 Bxe4 34. Kh2 Bxf3 35. Qxf3 e4+ 36. Qg3 Be5 0-1

[Event "SLO-chT2 West"]
[Site "Komenda"]
[Date "2018.11.10"]
[Round "1.3"]
[White "Novak, Robert"]
[Black "Borisek, Anze"]
[Result "0-1"]
[WhiteElo "1696"]
[BlackElo "1916"]
[PlyCount "124"]
[EventDate "2018.11.10"]
[EventType "team-tourn"]
[EventRounds "7"]
[EventCountry "SLO"]
[SourceTitle "EXT 2020"]
[Source "ChessBase"]
[SourceDate "2019.10.17"]
[SourceVersion "1"]
[SourceVersionDate "2019.10.17"]
[SourceQuality "1"]
[WhiteTeam "Vrhnika II"]
[BlackTeam "Trzin"]
[WhiteTeamCountry "SLO"]
[BlackTeamCountry "SLO"]

1. d4 d5 2. c4 Nc6 3. cxd5 Qxd5 4. Nf3 e5 5. Nc3 Bb4 6. e3 Bg4 7. Be2 exd4 8. exd4 0-0-0 9. Be3 Bxf3 10. Bxf3 Qc4 11. Qb3 Na5 12. Qxc4 Nxc4 13. 0-0-0 Ne7 14. d5 Kb8 15. Rd4 Ne5 16. Rhd1 Bxc3 17. bxc3 Nxf3 18. gxf3 Nf5 19. Rf4 g6 20. Rc4 Nd6 21. Ra4 a6 22. Rb4 Rhe8 23. Kc2 Nf5 24. Re4 Kc8 25. Bg5 Rxe4 26. fxe4 f6 27. Bxf6 Rf8 28. e5 Nd6 29. Rd4 g5 30. h4 Nf5 31. Rg4 gxh4 32. Rg5 Nd6 33. Rh5 Ne4 34. Rxh4 Nxf6 35. exf6 Rxf6 36. f4 h6 37. Kd3 Kd7 38. Ke4 Kd6 39. Kd4 c5+ 40. dxc6 bxc6 41. Rg4 h5 42. Rh4 Rh6 43. c4 c5+ 44. Ke4 Ke6 45. f5+ Kf6 46. Kf4 Rh8 47. Ke4 Kg5 48. Rh1 h4 49. Rg1+ Kf6 50. Rh1 h3 51. Rh2 Rh4+ 52. Kd5 Kxf5 53. Kxc5 Kg4 54. Kb6 Kg3 55. Rh1 Rxc4 56. Kxa6 Ra4+ 57. Kb5 Rxa2 58. Rg1+ Rg2 59. Rc1 h2 60. Rc3+ Kh4 61. Rc8 Rg5+ 62. Kb4 h1Q 0-1

[Event "Ljubljana-chT 71st"]
[Site "Ljubljana"]
[Date "2018.03.22"]
[Round "7.2"]
[White "Brcar, Ales"]
[Black "Borisek, Anze"]
[Result "1/2-1/2"]
[WhiteElo "2152"]
[BlackElo "1900"]
[PlyCount "65"]
[EventDate "2018.01.11"]
[EventType "team-tourn"]
[EventRounds "9"]
[EventCountry "SLO"]
[SourceTitle "EXT 2020"]
[Source "ChessBase"]
[SourceDate "2019.10.17"]
[SourceVersion "1"]
[SourceVersionDate "2019.10.17"]
[SourceQuality "1"]
[WhiteTeam "Mentor"]
[BlackTeam "Trzin Buscotrade"]
[WhiteTeamCountry "SLO"]
[BlackTeamCountry "SLO"]

1. d4 b5 2. e4 Bb7 3. Bd3 f5 4. exf5 Bxg2 5. Qh5+ g6 6. fxg6 Bg7 7. gxh7+ Kf8 8. hxg8Q+ Kxg8 9. Qg4 Bxh1 10. f3 Nc6 11. Ne2 e6 12. Bf4 Qh4+ 13. Qxh4 Rxh4 14. Nd2 Bxd4 15. Bg3 Bxb2 16. Rb1 Rb4 17. c3 Bxc3 18. Nxc3 Rxb1+ 19. Bxb1 Nd4 20. Nce4 Nxf3+ 21. Nxf3 Bxf3 22. Nf6+ Kg7 23. Nxd7 Rd8 24. Kf2 Rxd7 25. Kxf3 c5 26. Bf4 b4 27. h4 c4 28. h5 Rf7 29. h6+ Kh8 30. Ke3 Rxf4 31. Kxf4 b3 32. axb3 cxb3 33. Ke3 1/2-1/2

[Event "SLO-chT Central 18th"]
[Site "Slovenia"]
[Date "2017.09.21"]
[Round "2.2"]
[White "Jelen, Igor"]
[Black "Borisek, Anze"]
[Result "1-0"]
[WhiteElo "2379"]
[BlackElo "1894"]
[PlyCount "33"]
[EventDate "2017.09.14"]
[EventType "team-tourn"]
[EventRounds "7"]
[EventCountry "SLO"]
[SourceTitle "EXT 2019"]
[Source "ChessBase"]
[SourceDate "2018.10.10"]
[SourceVersion "1"]
[SourceVersionDate "2018.10.10"]
[SourceQuality "1"]
[WhiteTeam "Ig"]
[BlackTeam "Trzin Buscotrade"]
[WhiteTeamCountry "SLO"]
[BlackTeamCountry "SLO"]

1. d4 d5 2. c4 Nc6 3. Nc3 dxc4 4. Nf3 Bg4 5. d5 Bxf3 6. gxf3 Ne5 7. f4 Nd7 8. e4 Nb6 9. a4 a5 10. Be3 Qd6 11. Bh3 Qh6 12. Qf3 e6 13. dxe6 fxe6 14. 0-0-0 Be7 15. Rhg1 e5 16. fxe5 Qc6 17. Rxg7 1-0

[Event "Ljubljana-chT 70th"]
[Site "Ljubljana"]
[Date "2017.02.09"]
[Round "4.2"]
[White "Borisek, Anze"]
[Black "Janzelj, Lara"]
[Result "0-1"]
[WhiteElo "1886"]
[BlackElo "2106"]
[PlyCount "74"]
[EventDate "2017.01.12"]
[EventType "team-tourn"]
[EventRounds "9"]
[EventCountry "SLO"]
[SourceTitle "EXT 2019"]
[Source "ChessBase"]
[SourceDate "2018.10.10"]
[SourceVersion "1"]
[SourceVersionDate "2018.10.10"]
[SourceQuality "1"]
[WhiteTeam "Trzin Buscotrade"]
[BlackTeam "Ig"]
[WhiteTeamCountry "SLO"]
[BlackTeamCountry "SLO"]

1. f4 Nf6 2. Nf3 d5 3. d4 c5 4. e3 e6 5. c3 Bd6 6. Bd3 0-0 7. 0-0 b6 8. Bd2 Ba6 9. Be1 Bxd3 10. Qxd3 cxd4 11. exd4 Bxf4 12. Bh4 Nbd7 13. Ng5 Bxg5 14. Bxg5 Qc7 15. Nd2 h6 16. Bf4 Qc6 17. Rae1 Nh5 18. Be3 f5 19. g4 Nhf6 20. gxf5 exf5 21. Rxf5 Ne4 22. Rxf8+ Rxf8 23. Nxe4 dxe4 24. Qe2 Rf3 25. Bf2 Qg6+ 26. Kh1 Qf5 27. Bg1 Nf6 28. c4 g5 29. d5 g4 30. Bd4 Kf8 31. Bxf6 Qxf6 32. Rg1 Qf4 33. Qg2 e3 34. Re1 Rf2 35. Qg3 Rf1+ 36. Rxf1 Qxf1+ 37. Qg1 e2 0-1

[Event "Ljubljana-chT 69th 1st League"]
[Site "Ljubljana"]
[Date "2016.03.10"]
[Round "6.2"]
[White "Borisek, Anze"]
[Black "Troha, Bogomir"]
[Result "1-0"]
[WhiteElo "1905"]
[BlackElo "1796"]
[PlyCount "77"]
[EventDate "2016.01.14"]
[EventType "team-tourn"]
[EventRounds "9"]
[EventCountry "SLO"]
[SourceTitle "EXT 2022"]
[Source "ChessBase"]
[SourceDate "2021.10.06"]
[SourceVersion "1"]
[SourceVersionDate "2021.10.06"]
[SourceQuality "1"]
[WhiteTeam "Podpec SD"]
[BlackTeam "Trzin Buscotrade"]
[WhiteTeamCountry "SLO"]
[BlackTeamCountry "SLO"]

1. d4 Nf6 2. Bg5 e6 3. e4 Be7 4. Bd3 d6 5. Nf3 Nbd7 6. Nbd2 e5 7. c3 h6 8. Bh4 Nh7 9. Bg3 Bf6 10. Nc4 Qe7 11. Ne3 g6 12. a4 c6 13. 0-0 0-0 14. b4 h5 15. h3 b6 16. Qc2 Bb7 17. a5 c5 18. a6 Bc8 19. Nd5 Qd8 20. Qa4 Nb8 21. dxe5 dxe5 22. Bb5 h4 23. Bxe5 Bxe5 24. Nxe5 Be6 25. Rad1 Bxd5 26. Rxd5 Qe7 27. Bc4 Kg7 28. f4 Nf6 29. Re1 cxb4 30. cxb4 Rc8 31. Qb5 Rxc4 32. Qxc4 Nxd5 33. Qxd5 Nxa6 34. Qxa8 Qxb4 35. Nf3 Qc5+ 36. Kh1 b5 37. Qe8 Qb4 38. Qe5+ f6 39. Qd4 1-0

[Event "Ljubljana-chT 69th 1st League"]
[Site "Ljubljana"]
[Date "2016.02.11"]
[Round "4.2"]
[White "Borisek, Anze"]
[Black "Mazzini, Katarina"]
[Result "1-0"]
[WhiteElo "1905"]
[BlackElo "1609"]
[PlyCount "45"]
[EventDate "2016.01.14"]
[EventType "team-tourn"]
[EventRounds "9"]
[EventCountry "SLO"]
[SourceTitle "EXT 2022"]
[Source "ChessBase"]
[SourceDate "2021.10.06"]
[SourceVersion "1"]
[SourceVersionDate "2021.10.06"]
[SourceQuality "1"]
[WhiteTeam "Podpec SD"]
[BlackTeam "Komenda Suma"]
[WhiteTeamCountry "SLO"]
[BlackTeamCountry "SLO"]

1. f4 c5 2. b3 Nc6 3. Nf3 d6 4. Bb2 Nf6 5. e3 e6 6. Be2 Be7 7. 0-0 0-0 8. a4 b6 9. Na3 Bb7 10. Nc4 Nb4 11. Ne1 Qc7 12. Nd3 a5 13. Nxb4 cxb4 14. Bd4 Nd7 15. Bd3 Bf6 16. Qe1 e5 17. fxe5 dxe5 18. Qg3 Rac8 19. Rxf6 exd4 20. Rd6 dxe3 21. Qh3 f5 22. Bxf5 Rxf5 23. Qxf5 1-0

[Event "SLO-chT Central 1st League 16th"]
[Site "Slovenia"]
[Date "2015.10.22"]
[Round "5.2"]
[White "Borisek, Anze"]
[Black "Semeja, Mirko"]
[Result "1-0"]
[WhiteElo "1899"]
[BlackElo "1806"]
[PlyCount "45"]
[EventDate "2015.09.10"]
[EventType "team-tourn"]
[EventRounds "9"]
[EventCountry "SLO"]
[SourceTitle "EXT 2022"]
[Source "ChessBase"]
[SourceDate "2021.10.06"]
[SourceVersion "1"]
[SourceVersionDate "2021.10.06"]
[SourceQuality "1"]
[WhiteTeam "Podpec SD"]
[BlackTeam "Kamnik DU"]
[WhiteTeamCountry "SLO"]
[BlackTeamCountry "SLO"]

1. d4 d5 2. Bg5 c6 3. Nf3 Qb6 4. Qc1 Nd7 5. Nbd2 Ngf6 6. e3 e6 7. Bd3 c5 8. c3 Be7 9. 0-0 0-0 10. Ne5 Re8 11. f4 Nxe5 12. fxe5 Nd7 13. Bxe7 Rxe7 14. Qe1 Nf8 15. Qh4 Qc7 16. Rf3 cxd4 17. exd4 b6 18. Bxh7+ Nxh7 19. Rh3 f5 20. Qxh7+ Kf7 21. Qh5+ Kf8 22. Nf3 Bb7 23. Qh8+ 1-0

[Event "SLO-chT Central 1st League 16th"]
[Site "Slovenia"]
[Date "2015.09.17"]
[Round "2.2"]
[White "Mlakar, Slavko"]
[Black "Borisek, Anze"]
[Result "0-1"]
[WhiteElo "1670"]
[BlackElo "1899"]
[PlyCount "27"]
[EventDate "2015.09.10"]
[EventType "team-tourn"]
[EventRounds "9"]
[EventCountry "SLO"]
[SourceTitle "EXT 2022"]
[Source "ChessBase"]
[SourceDate "2021.10.06"]
[SourceVersion "1"]
[SourceVersionDate "2021.10.06"]
[SourceQuality "1"]
[WhiteTeam "Dom In Agencija Neprem"]
[BlackTeam "Podpec SD"]
[WhiteTeamCountry "SLO"]
[BlackTeamCountry "SLO"]

1. e4 c6 2. d4 d5 3. e5 Na6 4. c3 Nc7 5. Nd2 Bf5 6. Nb3 e6 7. Bd3 Ne7 8. Nc5 Qc8 9. Nf3 Ng6 10. Qc2 Bxc5 11. dxc5 0-0 12. Bxf5 exf5 13. 0-0 f4 14. h3 0-1

[Event "SLO-chT Central 1st League 16th"]
[Site "Slovenia"]
[Date "2015.09.10"]
[Round "1.2"]
[White "Borisek, Anze"]
[Black "Ocepek, Marjan"]
[Result "1-0"]
[WhiteElo "1899"]
[BlackElo "1618"]
[PlyCount "93"]
[EventDate "2015.09.10"]
[EventType "team-tourn"]
[EventRounds "9"]
[EventCountry "SLO"]
[SourceTitle "EXT 2022"]
[Source "ChessBase"]
[SourceDate "2021.10.06"]
[SourceVersion "1"]
[SourceVersionDate "2021.10.06"]
[SourceQuality "1"]
[WhiteTeam "Podpec SD"]
[BlackTeam "Menges Trzin"]
[WhiteTeamCountry "SLO"]
[BlackTeamCountry "SLO"]

1. f4 d5 2. Nf3 Nf6 3. b3 e6 4. Bb2 Be7 5. e3 c5 6. Be2 Nc6 7. 0-0 0-0 8. Qe1 h6 9. Ne5 d4 10. Nxc6 bxc6 11. Bc4 Qb6 12. a4 a5 13. e4 Ra7 14. h3 Nh7 15. Na3 Kh8 16. Bd3 f6 17. Be2 g6 18. d3 Ba6 19. Bc1 f5 20. exf5 exf5 21. Bd2 Rd7 22. Bxa5 Qb8 23. Bf3 Qd6 24. Qe5+ Nf6 25. Rae1 Qxe5 26. Rxe5 Bb7 27. Bb6 Bd6 28. Bxc5 Bxc5 29. Rxc5 Re7 30. Nc4 Nd7 31. Ne5 Nxe5 32. Rxe5 Rxe5 33. fxe5 Re8 34. Re1 Kg7 35. g4 f4 36. Kf2 Kf7 37. Re4 Kg7 38. Rxd4 Re7 39. Rxf4 g5 40. Re4 c5 41. Re3 Rf7 42. e6 Rf6 43. e7 Bc6 44. e8Q Rxf3+ 45. Rxf3 Bxe8 46. a5 Bc6 47. a6 1-0

[Event "Plzen op 6th"]
[Site "Plzen"]
[Date "2014.11.23"]
[Round "1"]
[White "Malkova, Adriana"]
[Black "Borisek, Anze"]
[Result "0-1"]
[WhiteElo "1546"]
[BlackElo "1934"]
[PlyCount "76"]
[EventDate "2014.11.23"]
[EventType "swiss"]
[EventRounds "7"]
[EventCountry "CZE"]
[SourceTitle "CBM 163 Extra"]
[Source "ChessBase"]
[SourceDate "2014.12.23"]
[SourceVersion "1"]
[SourceVersionDate "2014.12.23"]
[SourceQuality "1"]

1. e4 a6 2. Nf3 b5 3. Nc3 Bb7 4. Be2 b4 5. Nd5 e6 6. Ne3 Bxe4 7. b3 Nf6 8. Bb2 d5 9. 0-0 Nbd7 10. d3 Bg6 11. Qd2 Bd6 12. c4 bxc3 13. Bxc3 c5 14. Nc2 0-0 15. a3 d4 16. Bb2 e5 17. b4 Rb8 18. Rfb1 Nd5 19. bxc5 Nxc5 20. Qd1 Qa5 21. Nd2 Nxd3 22. Nc4 Nxb2 23. Rxb2 Qc7 24. Rc1 Rfc8 25. Rxb8 Rxb8 26. Ne1 Nc3 27. Qd2 Bxa3 28. Ra1 Nxe2+ 29. Qxe2 d3 30. Qxe5 Qxe5 31. Nxe5 d2 32. Nxg6 dxe1Q+ 33. Rxe1 hxg6 34. h3 Rc8 35. Ra1 Rc1+ 36. Rxc1 Bxc1 37. Kh2 a5 38. f3 a4 0-1